| 000 | 00520nam a22001937a 4500 | ||
|---|---|---|---|
| 003 | NUST - PNEC | ||
| 005 | 20170116180812.0 | ||
| 008 | 150506b xxu||||| |||| 00| 0 eng d | ||
| 020 | _a0862880440 | ||
| 040 | _cLIBRARY | ||
| 082 | _a358.1883 FOR | ||
| 100 |
_93471 _aForty, George |
||
| 245 |
_aTank action : from the Great War to the Gulf _cGeorge Forty |
||
| 250 | _a- | ||
| 260 |
_aLondon _bSutton Publishing Limited. _cc1995. |
||
| 300 | _a296 p. : | ||
| 650 |
_93472 _aTank warfare _xGeneral |
||
| 942 |
_2ddc _cBK |
||
| 999 |
_c63417 _d63417 |
||